Questions aléatoires de géographie - 15 - Statistiques

Statistiques générales
  • Ce quiz a été pris 102 fois
  • Le résultat moyen est 9 sur 15
Statistiques - réponses
Indice Réponse % Correct
Quelle est la capitale de la Slovaquie ? Bratislava
89%
Quelle nation comprend les villes de Aberystwyth, Cwmbrân et Cardiff ? le Pays de Galles
86%
Quelles chutes d'eau relient le lac Érié au lac Ontario ? les chutes du Niagara
83%
Quel pays commençant par un "O" est traversé par l'équateur ? l Ouganda
82%
Quel lac est traversé par la frontière péruvio-bolivienne ? le lac Titicaca
78%
Quel pays d'Asie, ayant Bichkek comme capitale, se trouve entre la Chine et le Kazakhstan ? le Kirghizistan
73%
Quelle île anglo-normande a servit de refuge à l'exil de Victor Hugo ? Guernesey
69%
Quelle est l'île la plus peuplée de Polynésie française? Tahiti
63%
Quel massif comprend le Grand Ballon et le Petit Ballon ? les Vosges
58%
Quelle exclave russe s'appelait autrefois Königsberg ? Kaliningrad
52%
Dans quel détroit se trouvent les villes de Singapour et de Kuala Lumpur ? le détroit de Malacca
41%
Quelle ville, autrefois appelé Smyrne, est la troisième ville la plus peuplée de Turquie ? Izmir
40%
Quelle province du nord des Pays-Bas tient son nom du peuple germanique des Frisons ? la Frise
27%
Quelle langue d'Afrique de l'ouest est parlée par un peuple de nomades pasteurs musulmans, et s'étale du Sénégal jusqu'au Nigéria ? le peul
16%
Quelle rivière chinoise arrose la baie de Macao et Hong Kong, ainsi que la ville de Canton ? la Rivière des perles | Xi Jiang
9%
Aucun quiz correspondant
Distribution des résultats
% des personnes avec chaque résultat
Percentile par nombre de réponses
Votre historique - résultats
Vous n’avez pas pris ce quiz